LEADER 01427nam a2200301 i 4500 001 000000140681 003 CaOOAMICUS 005 20050624000000.0 008 050624s2004 it u000 u ita u 013 $a114882 020 $a88-89145-40-4 040 $aSeMil$bita 100 1 $aThackeray, William Makepeace,$d<1811-.1863>.$0(OLS)http://semarc/name/56656 240 10$aVanity Fair :$ba novel without a hero.$0(OLS)http://semarc/title/205544 245 13$aLa Fiera della Vanità :$bun romanzo senza eroe /$cWilliam M. Thackeray ; Introduzione di Carlo Pagetti ; Traduzione di Laura Melosi. 260 $a[S.l.] :$bLa Biblioteca di Repubblica,$cCopyr. 2004. 300 $aXXIX, 921 p. ;$c20 cm. 490 0 $aLa Biblioteca di Repubblica. Ottocento ;$v40 500 $aIn custodia. 700 1 $aMelosi, Laura,$d<1967- >.$0(OLS)http://semarc/name/56658 700 1 $aPagetti, Carlo.$0(OLS)http://semarc/name/56657 830 3$aLa Biblioteca di Repubblica. Ottocento ;$v40.$0(OLS)http://semarc/title/18316 850 $aSeMil 852 $aSeMil$W1$xVenegono$y1$m1O V 138$j93997$B93997$CSeMilBibl$Z2$F99603 $81 961 $aOmaggio: Ghiringhelli prof. Livio 996 $6020$a88-89145-40-4$9(OLS)http://semarc/number/128818 996 $6245$aLa Fiera della Vanità :$bun romanzo senza eroe$9(OLS)http://semarc/title/205543 996 $6260$a[S.l.] :$bLa Biblioteca di Repubblica$9(OLS)http://semarc/publisher/33701 LEADER 00935nam a2200193 i 4500 001 000000242282 003 CaOOAMICUS 005 20150603000000.0 008 150603s1773 it u000 u fre u 013 $a221187 026 $ar,te erus e.ur alav (3) 1773 (R) 040 $aSeMil$bita 245 10$aTome 9. 300 $a[4], lvj, 703, [1] p. 500 $aSegn. : pg2 a-g4 A-4M4 4N2. 773 0 $aBossuet, Jacques-Bénigne $tOeuvres de Messire Jacques-Bénigne Bossuet, évêque de Meaux, ... Tome 1. [-12.].$bNouvelle édition revue sur les manuscrits originaux et les éditions les plus correctes, .. [par l'abbé Claude Lequeux, dom Déforis et dom Coniac].$dA Paris : Chez Antoine Boudet, imprimeur du roi, rue Saint-Jacques, 1772-1773.$g9$w()31965 850 $aSeMil 852 $aSeMil$W1$xVenegono$y1$m3F III 9 FA$j192628$B192628$CSeMilBibl$Z2$F203439 $8I 996 $6245$aTome 9$9(OLS)http://semarc/title/108281